00693nam a22001577a 4500040000700000082000800007100001400015245006800029260001900097300001000116942000700126999001500133952012700148952012800275952013200403 cSK a338 aELLIOTT L aSmallholder livestock production programme khm/ aidco/2003/5824 aNA bELLc2003 a177p. cEK c9115d9115 0010406338_000000000000000_ELL_200370950752aLBBbLBBd2016-08-24o338 ELL 2003pRUA045681r2016-08-24w2016-08-24yEK 0010406338_000000000000000_ELL_2003_C06470951729aLBCbLBCcC064d2016-09-06o338 ELL 2003 C064pA00628r2016-09-06yEK 0010406338_000000000000000_ELL_2003_C06970951826aLBCbLBCcC069d2016-09-07o338 ELL 2003 C069pRUA045495-r2016-09-07yEK